[Event "Cto Equipos Aragon 2012 Preferente B"]
[Site "Aragon"]
[Date "2012.03.17"]
[Round "7.63"]
[White "Palomar Ramon Santiago"]
[Black "Puertolas Serena Arturo"]
[Result "1/2-1/2"]
[WhiteElo "2029"]
[BlackElo "1941"]

1.e4 e6 2.b3 Nf6 3.e5 Nd5 4.c4 Nb6 5.d4 d5 6.c5 N6d7 7.b4 f6 8.exf6 Nxf6 9.Nf3
Be7 10.Nc3 O-O 11.Bd3 Nc6 12.Rb1 e5 13.dxe5 Ng4 14.Nxd5 Ncxe5 15.Nxe5 Nxe5 16.
Bxh7+ Kxh7 17.Qh5+ Kg8 18.Qxe5 Re8 19.O-O Bxc5 20.Qh5 Be6 21.Nf4 Bb6 22.Rb2
Bc4 23.Rd1 Qf6 24.Nd5 Bxd5 25.Qxd5+ Qe6 26.Kf1 c6 27.Qxe6+ Rxe6 28.Re2 Rxe2
29.Kxe2 Re8+ 30.Be3 Re7 31.Rd3 Kf7 32.Kd2 Bxe3+ 33.Rxe3 Rd7+ 34.Rd3 Re7 35.Rd4
Kf6 36.h4 g6 37.g4 Ke5 38.Kd3 Rh7 39.Re4+ Kf6 40.g5+ Kf5 41.Ke3 Rg7 42.Rf4+
Ke5 43.Rf6 Rh7 44.f4+ Kd5 45.Rxg6 Rxh4 46.Rh6 Rg4 47.Kf3 Rg1 48.Rh2 Ke6 49.Rg2
Rf1+ 50.Kg4 Kf7 51.Kf5 Rd1 52.g6+ Kg7 53.Re2 Rd5+ 54.Re5 Rd7 55.Ke6 Rd8 56.f5
Re8+ 57.Kd6 Rd8+ 58.Kc7 Rd5 59.Rxd5 cxd5 60.Kd6 d4 61.Ke7 d3 62.f6+ Kxg6 63.f7
d2 64.f8=Q d1=Q 65.Qf6+ Kh5 66.Qf5+ Kh4 67.Qe4+ Kg5 68.Qxb7 Qe2+ 69.Kd6 Qh2+
70.Kc5 Qc2+ 71.Kd6 Qh2+ 72.Kd7 Qh7+ 73.Kc8 Qh8+ 74.Kc7 Qe5+ 75.Kd8 Qh8+ 76.Kd7
Qg7+ 77.Kc6 Qc3+ 78.Kb5 Qd3+ 79.Kc5 Qc2+ 80.Kb5 Qd3+ 1/2-1/2

[Event "Cto Equipos Aragon 2012 Preferente B"]
[Site "Aragon"]
[Date "2012.03.17"]
[Round "7.64"]
[White "Palacian Campodarve Javier"]
[Black "Rubio Tello Abel"]
[Result "1-0"]
[WhiteElo "1734"]
[BlackElo "1853"]

1.d4 Nf6 2.c4 c5 3.d5 b5 4.g3 bxc4 5.Bg2 Bb7 6.Nc3 e6 7.e4 d6 8.Nf3 exd5 9.
exd5 Be7 10.O-O O-O 11.Nd2 Nbd7 12.Nxc4 Nb6 13.Na5 Rb8 14.Nxb7 Rxb7 15.Bf4 Qd7
16.Re1 Rfb8 17.Rc1 a5 18.a4 Nc8 19.Nb5 Na7 20.Bf1 Bf8 21.Rc3 Nxb5 22.Bxb5 Qf5
23.Rd3 Qh3 24.f3 Nh5 25.Qd2 Nxf4 26.Qxf4 g6 27.Rde3 Bg7 28.Re8+ Bf8 29.Qxd6
Rxe8 30.Rxe8 Qh6 31.f4 Qg7 32.Qe5 Qxe5 33.fxe5 Re7 34.d6 Rb7 35.d7 1-0

[Event "Cto Equipos Aragon 2012 Preferente B"]
[Site "Aragon"]
[Date "2012.03.17"]
[Round "7.65"]
[White "Landa Garriga Francisco Javier"]
[Black "Hinojar Basa Alfonso"]
[Result "0-1"]
[WhiteElo "1986"]
[BlackElo "2194"]

1.e4 e6 2.d4 d5 3.Nc3 Bb4 4.e5 c5 5.a3 Ba5 6.b4 cxd4 7.Nb5 Bc7 8.Nxc7+ Qxc7 9.
Qxd4 Qxc2 10.Bd3 Nc6 11.Bb5 Ne7 12.Bd2 O-O 13.Bxc6 Nxc6 14.Qe3 d4 15.Qe2 d3
16.Qe3 Qb2 17.Rd1 Qxe5 18.Qxe5 Nxe5 19.Bf4 Ng6 20.Bc7 b6 21.Rxd3 Bb7 22.f3
Rfc8 23.Bg3 Rc2 24.Ne2 Ra2 25.b5 Rc8 26.Kf2 Bd5 27.Rhd1 Rcc2 28.Re1 h5 29.Bb8
Bc4 30.Re3 Bxb5 31.Bxa7 Nf4 0-1

[Event "Cto Equipos Aragon 2012 Preferente B"]
[Site "Aragon"]
[Date "2012.03.17"]
[Round "7.66"]
[White "Jario Garcia Ricardo"]
[Black "Gayan Carceller Miguel Angel"]
[Result "1-0"]
[WhiteElo "2128"]
[BlackElo "1909"]

1.e4 e6 2.d4 d5 3.e5 c5 4.c3 Nc6 5.Be3 cxd4 6.cxd4 Qb6 7.Qd2 Nge7 8.Nf3 Nf5 9.
Nc3 Be7 10.Bd3 Nh4 11.Nxh4 Bxh4 12.Rd1 Bd7 13.Bb1 Be7 14.O-O Rc8 15.Qe2 Na5
16.f4 Nc4 17.Bc1 g6 18.Rf3 Bc6 19.b3 Na5 20.g4 h5 21.Rh3 Rg8 22.gxh5 gxh5+ 23.
Rg3 Rh8 24.f5 Kd7 25.Qf2 Rcg8 26.f6 Bb4 27.Ne2 Qd8 28.Kh1 Qf8 29.Rdg1 Bb5 30.
Nf4 Nc6 31.Rg7 Qe8 32.Nxe6 Rxg7 33.fxg7 Rg8 34.Nf4 Bc3 35.Nxd5 1-0

[Event "Cto Equipos Aragon 2012 Preferente B"]
[Site "Aragon"]
[Date "2012.03.17"]
[Round "7.67"]
[White "Navarro Sancho Rafael"]
[Black "Portero Garnica Miguel Angel"]
[Result "0-1"]
[WhiteElo "1802"]
[BlackElo "2115"]

1.e4 e5 2.Nf3 Nc6 3.Bc4 Nf6 4.Nc3 Be7 5.O-O d6 6.h3 Na5 7.Be2 c5 8.d3 O-O 9.
Bg5 Be6 10.a3 Nc6 11.Qd2 h6 12.Bxf6 Bxf6 13.Nd5 Bxd5 14.exd5 Ne7 15.c4 b5 16.
Rab1 bxc4 17.dxc4 e4 18.Nh2 Bd4 19.Qc2 f5 20.Kh1 Ng6 21.f3 Qh4 22.fxe4 fxe4
23.Bg4 h5 24.Qxe4 hxg4 25.Qxg6 gxh3 26.Qe6+ Kh7 27.Qxh3 Qxh3 28.gxh3 Rxf1+ 29.
Nxf1 Rf8 30.b4 Rf3 31.bxc5 Bxc5 32.Nd2 Rxh3+ 33.Kg2 Re3 34.Nb3 Bxa3 35.Nd4 Bc5
36.Ne6 Bb6 37.Nf8+ Kh6 38.Nd7 Bd4 39.Rd1 Bc3 40.Rc1 Rd3 41.c5 dxc5 42.Nxc5
Rd2+ 43.Kf3 Bb2 44.Rh1+ Kg6 45.Ke4 Rd4+ 46.Ke3 Rxd5 47.Ne4 a5 48.Rg1+ Kf7 49.
Ng5+ Ke7 50.Nf3 a4 51.Ke4 Ra5 52.Nd2 a3 0-1

[Event "Cto Equipos Aragon 2012 Preferente B"]
[Site "Aragon"]
[Date "2012.03.17"]
[Round "7.68"]
[White "Sancho Cortes Miguel Angel"]
[Black "Nasarre Abizanda Tomas"]
[Result "1-0"]
[WhiteElo "2094"]
[BlackElo "1759"]

1.e4 e5 2.Nf3 Nf6 3.Nxe5 Qe7 4.Nf3 Nxe4 5.Be2 d5 6.O-O Be6 7.d3 Nd6 8.Nd4 Nd7
9.Re1 O-O-O 10.Bf3 Qf6 11.Nxe6 fxe6 12.Nc3 Ne5 13.Bg4 Nxg4 14.Qxg4 Nf5 15.Bf4
Bc5 16.Be5 Qf7 17.d4 Bb4 18.Qf3 Rhf8 19.Re2 Qg6 20.Qh3 c5 21.a3 Ba5 22.b4 cxb4
23.axb4 Bb6 24.Na4 Kd7 25.Nxb6+ axb6 26.Ra7 Ra8 27.Rxb7+ Kc6 28.Rc7+ Kb5 29.
Qd3+ 1-0

[Event "Cto Equipos Aragon 2012 Preferente B"]
[Site "Aragon"]
[Date "2012.03.17"]
[Round "7.69"]
[White "Garcia Andres Daniel"]
[Black "Hernandez Delgado Gabriel"]
[Result "1-0"]
[WhiteElo "2008"]
[BlackElo "1986"]

1.e4 g6 2.d4 Bg7 3.f4 d5 4.e5 c5 5.c3 cxd4 6.cxd4 Nc6 7.Nc3 Nh6 8.Nf3 Bg4 9.
Be2 Nf5 10.O-O e6 11.Ng5 Bxe2 12.Nxe2 Qb6 13.Nf3 h5 14.Qa4 O-O 15.Bd2 Rfc8 16.
Rac1 Bf8 17.Bc3 a6 18.Ng3 Nxg3 19.hxg3 Qa7 20.Qd1 b5 21.Qd3 Be7 22.Kh1 Bd8 23.
Bd2 Bb6 24.Be3 Ne7 25.Nh4 Nf5 26.Nxf5 exf5 27.b3 Qd7 28.Rxc8+ Rxc8 29.a4 Ba5
30.axb5 Rc3 31.Qe2 axb5 32.Ra1 Bb4 33.Ra8+ Kg7 34.Rb8 Rxb3 35.Qa2 Ra3 36.Qb2
Qa7 37.Rxb5 Bc3 38.Qf2 Qd7 39.Rc5 Bb4 40.Rc1 Bc3 41.Kh2 Qa4 42.Rb1 Ra2 43.Qf3
Qc6 44.Rd1 Ra4 45.Bf2 Rc4 46.Qd3 Bb2 47.Be3 Rc3 48.Qd2 Qb5 49.Rb1 Rb3 50.Qc2
Rxe3 51.Rxb2 Qf1 52.Qc6 Re1 53.Qf6+ Kh7 54.Qxf7+ Kh6 55.Qf8+ 1-0

[Event "Cto Equipos Aragon 2012 Preferente B"]
[Site "Aragon"]
[Date "2012.03.17"]
[Round "7.70"]
[White "De La Riva Fernandez Eduardo"]
[Black "Calvo Mayayo Jose Maria"]
[Result "1-0"]
[WhiteElo "1985"]
[BlackElo "1931"]

1.e4 c5 2.Nf3 d6 3.d4 cxd4 4.Nxd4 Nf6 5.Nc3 a6 6.Be2 e5 7.Nb3 Be6 8.Bg5 Nbd7
9.a4 Rc8 10.O-O Be7 11.f4 O-O 12.a5 h6 13.Bxf6 Nxf6 14.Nd2 Qc7 15.f5 Qc5+ 16.
Kh1 Bd7 17.Bc4 Bb5 18.b3 Qb4 19.Rf3 Rc7 20.Nd5 Nxd5 21.Bxd5 Bg5 22.Nc4 Bxc4
23.bxc4 Rb8 24.Rb3 Qc5 25.Rb6 Bd8 26.Qb1 Qd4 27.Rxd6 Qc3 28.Qe1 Qxe1+ 29.Rxe1
Re7 30.Rb1 Bc7 31.Rg6 Kh7 32.Rg3 Bxa5 33.Rgb3 Bd8 34.c5 Rc8 35.c4 Rxc5 36.Rxb7
Rxb7 37.Rxb7 f6 38.h4 Ba5 39.Ra7 Bc3 40.Rxa6 h5 41.Ra7 Be1 42.Kh2 Bxh4 43.g3
Bg5 44.Bf7 Be3 45.Kh3 Rxc4 46.Bg6+ Kh6 47.Ra8 Kg5 48.Rh8 1-0

[Event "Cto Equipos Aragon 2012 Preferente B"]
[Site "Aragon"]
[Date "2012.03.17"]
[Round "7.71"]
[White "Lafarga Bueno Daniel"]
[Black "Gimeno Garcia David"]
[Result "1-0"]
[WhiteElo "1851"]
[BlackElo "1948"]

1.c4 Nf6 2.g3 e6 3.Bg2 d5 4.d4 Bb4+ 5.Bd2 a5 6.a3 Bxd2+ 7.Nxd2 Nc6 8.Ngf3 O-O
9.b3 Re8 10.e3 Qe7 11.O-O b6 12.Qc2 Bb7 13.Rfc1 h6 14.Ne5 Rac8 15.Ndf3 Nxe5
16.Nxe5 c5 17.dxc5 Rxc5 18.b4 axb4 19.axb4 Rc7 20.Ra7 Rec8 21.Qb3 Ne8 22.c5 b5
23.Bf1 f6 24.Nf3 Qd7 25.Nd4 Bc6 26.Ra6 Rb7 27.Rxc6 Rxc6 28.Bxb5 Rxb5 29.Nxb5
Ra6 30.Nc3 Rc6 31.Na4 Nd6 32.b5 Rc8 33.c6 Qe8 34.Nb6 Rc7 35.Nxd5 exd5 36.Qxd5+
Nf7 37.b6 Rc8 38.b7 Rc7 39.Ra1 Rxc6 40.Ra8 Rc1+ 41.Kg2 1-0

[Event "Cto Equipos Aragon 2012 Preferente B"]
[Site "Aragon"]
[Date "2012.03.17"]
[Round "7.72"]
[White "Labrador Postigo Francisco M"]
[Black "Campo Berdala Carlos"]
[Result "1-0"]
[WhiteElo "1896"]
[BlackElo "1828"]

1.d4 Nf6 2.c4 e6 3.g3 d5 4.Bg2 c6 5.Nf3 Be7 6.O-O O-O 7.Nc3 Nbd7 8.Qc2 Re8 9.
e4 Nxe4 10.Nxe4 dxe4 11.Qxe4 Nf6 12.Qe2 h6 13.Re1 Qc7 14.Bf4 Bd6 15.Bxd6 Qxd6
16.Ne5 Bd7 17.c5 Qc7 18.h4 Rad8 19.g4 Nd5 20.g5 hxg5 21.hxg5 g6 22.Be4 Kg7 23.
Qf3 Bc8 24.Kg2 Qe7 25.Qg3 Rh8 26.Rh1 Rxh1 27.Rxh1 Rh8 28.Nxg6 fxg6 29.Qe5+ Kf7
30.Rxh8 1-0

[Event "Cto Equipos Aragón 2012 Div H. Titulo"]
[Site "Aragon"]
[Date "2012.03.24"]
[Round "8.1"]
[White "Adla Diego"]
[Black "Quintin Navarro Alberto"]
[Result "1/2-1/2"]
[WhiteElo "2499"]
[BlackElo "2201"]

1.Nf3 Nf6 2.c4 g6 3.g3 Bg7 4.Bg2 O-O 5.Nc3 Nc6 6.O-O d6 7.d3 e5 8.Rb1 h6 9.b4
Be6 10.Nd2 Qc8 11.Nd5 Bxd5 12.cxd5 Ne7 13.e4 c6 14.dxc6 Nxc6 15.b5 Nd4 16.Nc4
Rd8 17.Be3 Ne6 18.Bh3 Nxe4 19.Rc1 N4c5 20.Nxd6 Rxd6 21.Bxc5 Rd5 22.Bxa7 Qd7
23.Bxe6 1/2-1/2

[Event "Cto Equipos Aragón 2012 Div H. Titulo"]
[Site "Aragon"]
[Date "2012.03.24"]
[Round "8.2"]
[White "Labena Bernal Antonio"]
[Black "Glavina Pablo"]
[Result "0-1"]
[WhiteElo "2095"]
[BlackElo "2457"]

1.e4 c5 2.c3 Nf6 3.e5 Nd5 4.d4 cxd4 5.Nf3 e6 6.cxd4 b6 7.Nc3 Nxc3 8.bxc3 Qc7
9.Bd2 Bb7 10.Bd3 d6 11.O-O Nd7 12.Re1 Be7 13.Rc1 O-O 14.Bf4 Bxf3 15.Qxf3 dxe5
16.Bxe5 Nxe5 17.Rxe5 g6 18.g3 Rad8 19.Ree1 Rd5 20.Qe2 Bg5 21.Rc2 Bf6 22.Bc4
Ra5 23.Bb3 e5 24.d5 Qd6 25.Qg4 Rc5 26.Qb4 a5 27.Qa4 Rfc8 28.Re3 Qc7 29.Rf3 b5
30.Qe4 Qd6 31.a3 Bg7 32.g4 a4 33.Ba2 Rc4 34.Bxc4 Rxc4 35.Qe3 Rxg4+ 36.Rg3 Rc4
37.Rb2 Qxd5 38.Qd3 Rc5 39.Qxd5 Rxd5 40.c4 bxc4 41.Rb8+ Bf8 42.Rc8 Rd3 43.Rxc4
Rxa3 44.Rxa3 Bxa3 45.Rxa4 Bc5 46.Kg2 Kg7 47.Rc4 Bd4 48.Rc7 g5 49.Rc6 f6 50.Kg3
Kg6 51.f3 Be3 52.h3 Bf4+ 53.Kg2 h5 54.Rc8 Kf5 55.Rh8 h4 56.Kf2 Bc1 57.Rf8 Ba3
58.Rf7 Bc5+ 59.Ke2 Bd4 60.Kd3 Bb2 61.Rb7 Bc1 62.Rc7 Ba3 63.Ra7 Bc5 64.Rc7 Bg1
65.Rf7 Bh2 66.Ke3 Bg1+ 67.Kd3 Bf2 68.Ke2 Bc5 69.Kd3 Ba3 70.Ra7 Bc1 71.Rc7 Bf4
72.Rc5 Bh2 73.Rc6 Kf4 74.Rxf6+ Kg3 75.Rg6 Kxh3 76.Rxg5 Bg3 77.f4 exf4 0-1

[Event "Cto Equipos Aragón 2012 Div H. Titulo"]
[Site "Aragon"]
[Date "2012.03.24"]
[Round "8.3"]
[White "Lopez Gracia Fernando"]
[Black "Arregui Untoria Carlos"]
[Result "1-0"]
[WhiteElo "2336"]
[BlackElo "2080"]

1.Nf3 Nf6 2.c4 d5 3.cxd5 Nxd5 4.d4 Bf5 5.Qb3 Nc6 6.Nc3 e6 7.e4 Nxc3 8.exf5 Ne4
9.Bb5 Qd5 10.fxe6 fxe6 11.O-O Bd6 12.Bc4 Qh5 13.Qxb7 Nxd4 14.Ne5 Qxe5 15.f4
Qc5 16.Qxa8+ Kf7 17.Qxe4 1-0

[Event "Cto Equipos Aragón 2012 Div H. Titulo"]
[Site "Aragon"]
[Date "2012.03.24"]
[Round "8.6"]
[White "Garza Marco Sergio"]
[Black "Gavin Roche Enrique"]
[Result "1-0"]
[WhiteElo "2394"]
[BlackElo "2253"]

1.Nf3 d5 2.g3 c6 3.Bg2 Bg4 4.O-O Nd7 5.d3 Ngf6 6.Nbd2 e6 7.h3 Bxf3 8.Nxf3 Bc5
9.Qe1 Qc7 10.b4 Bb6 11.c4 Qb8 12.e4 dxe4 13.dxe4 Bc7 14.Bb2 Ne5 15.Nxe5 Bxe5
16.Bxe5 Qxe5 17.Rd1 a5 18.f4 Qc7 19.b5 O-O 20.e5 Nd7 21.bxc6 bxc6 22.Rd6 Qb6+
23.Kh2 Nb8 24.Qd2 Ra7 25.Be4 g6 26.h4 a4 27.h5 Rb7 28.h6 a3 29.Rb1 Qc7 30.Rxb7
Qxb7 31.Qa5 Qe7 32.Qxa3 Rc8 33.c5 Qf8 34.Kg2 Qxh6 35.Bxc6 Nxc6 36.Rxc6 Rb8 37.
Rb6 Rd8 38.Rd6 Rb8 39.c6 Qh5 40.Rd2 1-0

[Event "Cto Equipos Aragón 2012 Div H. Titulo"]
[Site "Aragon"]
[Date "2012.03.24"]
[Round "8.7"]
[White "Laliena Solanes Luis"]
[Black "Ramiro Ovejero Juan Luis"]
[Result "1/2-1/2"]
[WhiteElo "2181"]
[BlackElo "2303"]

1.d4 d5 2.Bf4 Nf6 3.e3 g6 4.Nf3 Bg7 5.Be2 O-O 6.O-O Bg4 7.h3 Bxf3 8.Bxf3 c6 9.
Nd2 Nbd7 10.c4 Re8 11.cxd5 Nxd5 12.Bxd5 cxd5 13.Qb3 e5 14.dxe5 Bxe5 15.Qxd5
Bxf4 16.exf4 Nb6 17.Qxd8 Raxd8 18.Nf3 Re2 19.b3 Rc8 20.Rfe1 Rb2 21.Nd4 Nd5 22.
Re2 Rxe2 23.Nxe2 Rc2 24.Kf1 Rb2 25.f5 Kg7 26.fxg6 hxg6 27.Nd4 Nb4 28.Nb5 a6
29.Nd6 b5 30.a4 Nc2 31.Rc1 Nd4 32.axb5 axb5 33.Rd1 Nxb3 34.Nxb5 Nd2+ 35.Kg1
Nf3+ 36.gxf3 Rxb5 37.Rd4 Ra5 38.Kg2 Rg5+ 39.Rg4 Ra5 40.Kg3 Ra3 41.Re4 Ra5 42.
f4 Rb5 43.Re5 Rb3+ 44.Re3 Rb5 45.Kg4 Rb2 46.Rf3 Rb4 47.h4 Kh6 48.Rc3 Rb2 49.
Kf3 Rb5 50.Rc7 Rb3+ 51.Kg2 f5 52.f3 Rb2+ 53.Kg3 Rb1 54.Rc2 Rb4 55.Rc5 Rb1 56.
Rc2 1/2-1/2

[Event "Cto Equipos Aragón 2012 Div H. Titulo"]
[Site "Aragon"]
[Date "2012.03.24"]
[Round "8.8"]
[White "Maza Broto Pablo"]
[Black "Cobo Garrido Diego Israel"]
[Result "1/2-1/2"]
[WhiteElo "2084"]
[BlackElo "2049"]

1.d4 d5 2.Nf3 Nf6 3.c4 c6 4.g3 dxc4 5.Bg2 Nbd7 6.O-O e6 7.Qc2 Be7 8.Qxc4 O-O
9.Nc3 a6 10.e4 Qa5 11.Rd1 e5 12.d5 cxd5 13.Nxd5 Nxd5 14.exd5 Bd6 15.Bd2 Qd8
16.Bb4 Nf6 17.Bxd6 Qxd6 18.Re1 e4 19.Nd2 Qxd5 20.Qxd5 Nxd5 21.Nxe4 Rb8 22.Rad1
Nf6 23.Nxf6+ gxf6 24.Re7 Be6 25.Bxb7 Bxa2 26.Rd6 Rfd8 27.Rxd8+ Rxd8 28.Bxa6
Be6 29.b4 Kf8 30.Rc7 Rd4 31.b5 Rb4 32.Rc5 Bh3 33.f4 Rb2 34.Bb7 Ke7 35.Bc6 Bg4
36.Be4 h6 37.Kf1 Be2+ 38.Ke1 Bxb5 39.Bc2 Bd7 40.Kd2 Ba4 41.Kc1 Rb4 42.Bxa4
Rxa4 43.Rh5 Kf8 44.Rxh6 Kg7 45.Rh4 Rd4 46.Kc2 Rd5 47.Kc3 Rd1 48.Rh5 Kg6 49.Rb5
Rd8 50.g4 Rh8 51.Rb2 Rh4 52.Rg2 f5 53.gxf5+ Kxf5 54.Kd3 1/2-1/2

[Event "Cto Equipos Aragón 2012 Div H. Titulo"]
[Site "Aragon"]
[Date "2012.03.24"]
[Round "8.9"]
[White "Llorente Zaro Alfonso"]
[Black "Colas Longares Rafael P"]
[Result "1/2-1/2"]
[WhiteElo "2445"]
[BlackElo "2321"]

1.c4 Nc6 2.Nc3 e5 3.g3 g6 4.Bg2 Bg7 5.e4 d6 6.d3 f5 7.Nge2 Nf6 8.f4 Be6 9.Nd5
Qd7 10.O-O O-O 11.Be3 Rae8 12.Kh1 fxe4 13.dxe4 exf4 14.Nexf4 Bg4 15.Nxf6+ Rxf6
16.Qd5+ Qf7 17.Qb5 Bc8 18.Nd5 Rxf1+ 19.Rxf1 Qd7 20.c5 Rf8 21.Rxf8+ Kxf8 22.
Qf1+ Kg8 23.Nf6+ Bxf6 24.Qxf6 Qf7 25.Qg5 Qxa2 26.e5 Qb1+ 27.Bg1 dxe5 28.Bd5+
Kg7 29.Bxc6 bxc6 30.Qxe5+ Kg8 31.Qe8+ Kg7 32.Qe7+ Kh6 33.Qh4+ Kg7 34.Qe7+ Kh6
35.Qe3+ Kg7 36.Qe5+ Kh6 37.Qe3+ 1/2-1/2

[Event "Cto Equipos Aragón 2012 Div H. Titulo"]
[Site "Aragon"]
[Date "2012.03.24"]
[Round "8.10"]
[White "Trigo Conde Isaac"]
[Black "Ramon Perez Jose Luis"]
[Result "0-1"]
[WhiteElo "2273"]
[BlackElo "2234"]

1.c4 e5 2.g3 Nc6 3.Nc3 Bc5 4.Bg2 d6 5.e3 a6 6.Nge2 Ba7 7.d4 Nge7 8.b4 exd4 9.
Nxd4 O-O 10.Nxc6 Nxc6 11.Nd5 Ne5 12.Qc2 Be6 13.Bb2 c6 14.Nf4 Bxc4 15.Bxe5 dxe5
16.Qxc4 exf4 17.gxf4 Qh4 18.Rc1 Bxe3 19.Rc2 Bxf4 20.h3 Rfe8+ 21.Kf1 Qh5 22.Be4
Re5 23.Bxh7+ Qxh7 24.Qxf4 Rae8 25.Rc1 Qd3+ 26.Kg1 Rf5 27.Qg4 Rf6 28.Rd1 Qc3
29.Kf1 Qc2 30.Rh2 Qxa2 31.Rg2 Rg6 32.Qd7 Qe2+ 33.Kg1 Ree6 34.Rd4 Qe1+ 35.Kh2
Rxg2+ 36.Kxg2 Rg6+ 37.Rg4 Qe4+ 38.f3 Qe2+ 39.Kg3 Qe1+ 40.Kg2 Re6 41.Qd8+ Re8
42.Rxg7+ Kxg7 43.Qg5+ Kf8 44.Qh6+ Ke7 0-1

[Event "Cto Equipos Aragón 2012 Div H. Titulo"]
[Site "Aragon"]
[Date "2012.03.24"]
[Round "8.11"]
[White "Mimbela Lopez Miguel A"]
[Black "Garcia Vicente Nieves"]
[Result "1/2-1/2"]
[WhiteElo "2178"]
[BlackElo "2198"]

1.e4 e5 2.Nf3 Nc6 3.Bb5 Nf6 4.Qe2 Bc5 5.c3 Qe7 6.O-O O-O 7.d3 d6 8.h3 Bd7 9.
Re1 a6 10.Ba4 h6 11.Nh2 Nh7 12.Be3 Bxe3 13.Qxe3 Qg5 14.Qxg5 Nxg5 15.Nd2 f5 16.
Bb3+ Kh7 17.exf5 Bxf5 18.Ne4 Bxe4 19.dxe4 Rf5 20.f3 Ne7 21.Ng4 a5 22.a4 h5 23.
Ne3 Rf6 24.Nd5 Nxd5 25.Bxd5 Rb8 26.b4 axb4 27.cxb4 Ne6 28.Bxe6 Rxe6 29.Rec1 c6
30.b5 1/2-1/2

[Event "Cto Equipos Aragón 2012 Div H. Titulo"]
[Site "Aragon"]
[Date "2012.03.24"]
[Round "8.12"]
[White "Cid Royo Oscar"]
[Black "Delgado Salcedo Eduardo"]
[Result "1/2-1/2"]
[WhiteElo "2037"]
[BlackElo "2174"]

1.d4 Nf6 2.Nf3 c5 3.c3 b6 4.Bf4 Bb7 5.e3 e6 6.Bd3 Be7 7.Nbd2 Nc6 8.b3 d6 9.Qe2
Rc8 10.dxc5 bxc5 11.Ba6 Bxa6 12.Qxa6 e5 13.Bg5 d5 14.e4 dxe4 15.Bxf6 exf3 16.
Bxe7 fxg2 17.Rg1 Nxe7 18.O-O-O Rc6 19.Qxa7 O-O 20.Ne4 Qe8 21.Nd6 Rxd6 22.Rxd6
Nf5 23.Rd5 Qe6 24.Qxc5 Qh6+ 25.Kc2 Qh3 26.Rxe5 Nh4 27.Rd1 g6 28.Qd5 h6 29.Re3
Qg4 30.Rg3 1/2-1/2

[Event "Cto Equipos Aragón 2012 Div H. Titulo"]
[Site "Aragon"]
[Date "2012.03.24"]
[Round "8.13"]
[White "Del Rey Diego"]
[Black "Forcen Esteban Daniel"]
[Result "0-1"]
[WhiteElo "2371"]
[BlackElo "2428"]

1.d4 Nf6 2.c4 c5 3.d5 e6 4.Nc3 exd5 5.cxd5 d6 6.Nf3 g6 7.Bf4 Bg7 8.Qa4+ Bd7 9.
Qb3 Qc7 10.e4 O-O 11.Nd2 Nh5 12.Be3 a6 13.Be2 b5 14.O-O b4 15.Nd1 Bb5 16.Nc4
Nd7 17.Bxh5 gxh5 18.Bf4 Bxc4 19.Qxc4 f5 20.f3 fxe4 21.fxe4 Bd4+ 22.Be3 Ne5 23.
Rxf8+ Rxf8 24.Qe2 Ng4 25.Bxd4 cxd4 26.Qd3 Qf7 27.h3 Ne3 28.Nxe3 Qf2+ 29.Kh2
dxe3 30.Rc1 Qf4+ 31.Kg1 e2 32.Qb1 Kh8 33.b3 Kg8 34.Re1 Qe3+ 35.Kh2 h4 36.Kh1
Qf2 37.Rg1 Qf1 0-1

[Event "Cto Equipos Aragón 2012 Div H. Titulo"]
[Site "Aragon"]
[Date "2012.03.24"]
[Round "8.14"]
[White "Baron Rodriguez Jesus"]
[Black "Chueca Forcen Alberto"]
[Result "1-0"]
[WhiteElo "2449"]
[BlackElo "2350"]

1.b3 e5 2.Bb2 Nc6 3.e3 d5 4.Bb5 f6 5.Ne2 Bd6 6.d4 e4 7.c4 Bd7 8.O-O Nh6 9.c5
Be7 10.Nf4 Bg4 11.f3 exf3 12.gxf3 g5 13.fxg4 gxf4 14.Rxf4 Qd7 15.Nc3 O-O-O 16.
Qf3 f5 17.Nxd5 Qxd5 18.Qxd5 Rxd5 19.Bc4 Rdd8 20.Be6+ Kb8 21.gxf5 Rhf8 22.Kh1
Nb4 23.Rf3 Bf6 24.Rg1 Bh8 25.a3 Nc6 26.b4 Ne7 27.Rg5 Nhg8 28.Rf4 c6 29.Rg2 Nd5
30.Rf3 Ngf6 31.Bc1 Rde8 32.Rh3 Re7 33.Rh4 Nc3 34.Bd2 Nce4 35.Be1 a6 36.Rf4 Bg7
37.Bh4 Rc7 38.Bxf6 Nxf6 39.e4 Bh6 40.Rh4 Be3 41.e5 Nd5 42.Bxd5 cxd5 43.f6 h6
44.Rhg4 Rcf7 45.h4 Kc7 46.Re2 Bc1 47.Rg6 Bxa3 48.e6 Rh7 49.f7 Bxb4 50.Rf6 Bc3
51.e7 Rfxf7 52.e8=Q Rxf6 53.Qe5+ Kc6 54.Qxf6+ Kb5 55.Qb6+ Kc4 56.Rc2 Re7 57.c6
Kd3 58.Rxc3+ 1-0

[Event "Cto Equipos Aragón 2012 Div H. Titulo"]
[Site "Aragon"]
[Date "2012.03.24"]
[Round "8.15"]
[White "Hernando Garcia Antonio"]
[Black "Castillo Sanjuan Alejandro"]
[Result "1-0"]
[WhiteElo "2219"]
[BlackElo "2044"]

1.c4 e5 2.g3 g6 3.Bg2 Bg7 4.Nc3 f5 5.d3 h6 6.Rb1 d6 7.Nf3 Nf6 8.b4 Nc6 9.b5
Ne7 10.a4 O-O 11.Qb3 Be6 12.Ba3 Rb8 13.Nd2 g5 14.Nd5 Bxd5 15.cxd5 Qe8 16.a5 b6
17.axb6 axb6 18.Rc1 Rc8 19.e4 Qh5 20.h3 Qf7 21.O-O g4 22.exf5 Nxf5 23.Bb2 h5
24.Ne4 Bh6 25.Nxf6+ Qxf6 26.Rce1 Rce8 27.hxg4 hxg4 28.Qd1 Re7 29.Re4 Rh7 30.
Rxg4+ Bg7 31.Bc1 Kh8 32.Be4 Bh6 33.Bxf5 Qxf5 34.Rh4 Bxc1 35.Rxh7+ Kxh7 36.Qxc1
Rf7 37.Qe3 Kg8 38.Qe4 Qf6 39.Qg4+ Kf8 40.Kg2 Ke7 41.f3 Qh6 42.Qh4+ Qxh4 43.
gxh4 Kf6 44.Rc1 Kf5 45.Rc4 Rg7+ 46.Kh2 Re7 47.Kh3 Rh7 48.Kg3 Re7 49.Rg4 Kf6
50.Rg8 Kf7 51.Rc8 Kf6 52.Rg8 Kf7 53.Rg5 Re8 54.h5 Kf6 55.Kg4 Ra8 56.Rf5+ Kg7
57.Kg5 Rh8 58.f4 exf4 59.Rxf4 Ra8 60.h6+ Kh8 61.Rf7 Ra1 62.Rxc7 Rd1 63.Kg6
Rg1+ 64.Kf6 Rd1 65.Rb7 Rxd3 66.Ke6 Rh3 67.Kxd6 Rxh6+ 68.Kc7 Kg8 69.d6 1-0

[Event "Cto Equipos Aragón 2012 Div H. Titulo"]
[Site "Aragon"]
[Date "2012.03.24"]
[Round "8.16"]
[White "Castillo Sanjuan Daniel"]
[Black "Palacios Latasa Elias"]
[Result "0-1"]
[WhiteElo "2019"]
[BlackElo "2211"]

1.e4 c5 2.Nf3 Nc6 3.d4 cxd4 4.Nxd4 e5 5.Nxc6 bxc6 6.Bc4 Nf6 7.Bg5 h6 8.Bxf6
Qxf6 9.O-O Bc5 10.Nc3 O-O 11.Qd2 Bd4 12.Kh1 g5 13.Rab1 Qg6 14.f3 Rd8 15.Ne2
Bb6 16.Qc3 d6 17.Rfd1 h5 18.Bb3 h4 19.a4 h3 20.a5 Bc5 21.gxh3 Bxh3 22.Ba4 g4
23.b4 Bf2 24.Qd3 Kh8 25.Rd2 Rg8 26.Ng3 Bxg3 27.hxg3 gxf3 28.Qxf3 Bg4 29.Qe3
Kg7 30.Rg2 Rh8+ 31.Kg1 Rh5 32.Rc1 Rah8 33.Kf2 d5 34.exd5 cxd5 35.Rcg1 d4 36.
Qd2 Qe4 37.Qd3 Rf5+ 0-1

[Event "Cto Equipos Aragón 2012 Div H. Descenso"]
[Site "Aragon"]
[Date "2012.03.24"]
[Round "8.17"]
[White "Martinez Catalan Fco  Javier"]
[Black "Cifuentes Roberto"]
[Result "0-1"]
[WhiteElo "2245"]
[BlackElo "2523"]

1.e4 c5 2.Nf3 Nc6 3.Nc3 g6 4.d4 cxd4 5.Nxd4 Bg7 6.Nf3 Nf6 7.Bc4 O-O 8.O-O d6
9.h3 a6 10.Re1 b5 11.Bb3 Bb7 12.Bg5 h6 13.Bh4 Nd7 14.Qd2 Nde5 15.Nxe5 dxe5 16.
Qe3 g5 17.Rad1 Nd4 18.Bg3 e6 19.Ne2 Qe7 20.Nc1 a5 21.c3 a4 22.cxd4 exd4 23.Qd3
axb3 24.Qxb3 Qc5 25.Nd3 Qc4 26.Rc1 Qxb3 27.axb3 Rfc8 28.Nc5 Bc6 29.Bd6 e5 30.
Nd3 f6 31.Rc5 Be8 32.b4 Bf7 33.Rec1 Bc4 34.Rxc8+ Rxc8 35.b3 Be6 36.Rxc8+ Bxc8
37.Nc5 h5 38.Kf1 g4 39.hxg4 hxg4 40.Ke2 Bh6 41.Kd1 Kf7 42.Kc2 Bg5 43.g3 Bh6
44.Kd1 Kg6 45.Kc2 Bg7 46.Nd3 Kf7 47.Nc5 Be6 48.Kd2 f5 49.Nd3 fxe4 50.Nxe5+ Ke8
51.Kc2 Bf5 52.Kd1 Bf6 53.Nc6 Kd7 54.Be5 Bxe5 55.Nxe5+ Kd6 56.Nf7+ Ke7 57.Ne5
Kf6 58.Nc6 Bd7 59.Nb8 Be6 60.Kd2 Bxb3 61.Nd7+ Ke7 62.Ne5 Be6 63.Nc6+ Kd6 64.
Nxd4 Bd7 65.Kc3 Kd5 66.Nb3 e3 67.fxe3 Ke4 0-1

[Event "Cto Equipos Aragón 2012 Div H. Descenso"]
[Site "Aragon"]
[Date "2012.03.24"]
[Round "8.18"]
[White "Gonzalez Gambau Jorge"]
[Black "Valles Mata David"]
[Result "1/2-1/2"]
[WhiteElo "2097"]
[BlackElo "2184"]

1.e4 e6 2.Nc3 d5 3.Nf3 Nf6 4.e5 Nfd7 5.d4 c5 6.dxc5 Nc6 7.Bf4 Bxc5 8.Bd3 f6 9.
exf6 Nxf6 10.Qe2 O-O 11.O-O-O a6 12.Ne5 Bd6 13.Bg3 Qc7 14.Ng4 Nb4 15.Nxf6+
Rxf6 16.Qh5 Nxd3+ 17.Rxd3 Bf4+ 18.Kb1 Bd7 19.Re1 Rf5 20.Qg4 Raf8 21.Bxf4 Rxf4
22.Qg3 Qc5 23.f3 Rc4 24.Qe5 b5 25.b3 Rcf4 26.Ne4 Qb6 27.Ng3 b4 28.Nh5 R4f7 29.
Rd4 Qb8 30.Qxb8 Rxb8 31.Nf4 Rf6 32.Nd3 a5 33.Nc5 Bc8 34.f4 Rb6 35.g3 Rc6 36.
Nd3 Rh6 37.Re2 Ba6 38.Rd2 Bxd3 39.R4xd3 Rh3 40.Kb2 h6 41.c3 g5 42.cxb4 axb4
43.fxg5 hxg5 44.Rd4 Rb6 45.Rg4 Rh5 46.h4 Kh7 47.Rdd4 gxh4 48.gxh4 Re5 49.Rxb4
Re2+ 50.Ka3 Rc6 51.Rb7+ Kh6 52.Rbg7 Ra6+ 1/2-1/2

[Event "Cto Equipos Aragón 2012 Div H. Descenso"]
[Site "Aragon"]
[Date "2012.03.24"]
[Round "8.19"]
[White "Solano Lasierra Javier"]
[Black "Abos Rosico Antonio"]
[Result "0-1"]
[WhiteElo "2172"]
[BlackElo "2087"]

1.d4 Nf6 2.c4 c6 3.Nf3 g6 4.g3 Bg7 5.Bg2 O-O 6.O-O d5 7.Nc3 dxc4 8.Ne5 Be6 9.
e4 Nfd7 10.Nf3 b5 11.Ng5 Nb6 12.Nxe6 fxe6 13.Be3 a5 14.Qg4 b4 15.Ne2 e5 16.
dxe5 N8d7 17.f4 c5 18.Rad1 Qc7 19.Qh4 c3 20.bxc3 Nc4 21.Bf2 Ndb6 22.Qg4 Rad8
23.cxb4 axb4 24.Rc1 Qc6 25.Rfd1 Kh8 26.h4 Rxd1+ 27.Rxd1 Nb2 28.Rd2 N2c4 29.Rd1
Nb2 30.Rb1 Nd3 31.Qf3 Nxe5 32.Qb3 Ng4 33.Rc1 Qb5 34.Bf3 Nxf2 35.Kxf2 c4 36.Qe3
Ra8 37.e5 Rxa2 38.Qd4 Bf8 39.h5 e6 40.Qd8 Qc5+ 41.Kg2 Rxe2+ 42.Bxe2 Qd5+ 43.
Qxd5 exd5 44.Kf3 b3 45.Rh1 c3 46.Bd3 gxh5 47.Rxh5 h6 48.Rh2 Nc4 49.e6 Kg7 50.
g4 Kf6 51.Re2 Nd2+ 52.Kg2 c2 53.Re1 Ba3 54.e7 Bxe7 55.Bxc2 bxc2 56.Rc1 Nc4 0-1